[Event "25th Klatovy B 2017"]
[Site "Klatovy CZE"]
[Date "2017.07.06"]
[Round "6.47"]
[White "Krejbich, Lukas"]
[Black "Kubat, Ladislav"]
[Result "0-1"]
[WhiteElo "1041"]
[BlackElo "1482"]
[PlyCount "106"]
[EventDate "2017.07.01"]
[EventType "swiss"]
[EventRounds "9"]
[EventCountry "CZE"]

1. e4 e5 2. Nc3 Nc6 3. Bc4 Nf6 4. Nf3 Bc5 5. d3 h6 6. O-O d6 7. h3 O-O 8. Bd2 Be6 9. Bxe6 fxe6 10. Nh4 Kh7 11. g3 g5 12. Ng2 Qe8 13. Kh1 Nh5 14. g4 Nf4 15. Nxf4 exf4 16. Qe1 Nd4 17. Rc1 Qf7 18. f3 e5 19. h4 Qg7 20. h5 b5 21. Nd5 c6 22. Nc3 a6 23. Ne2 Nxe2 24. Qxe2 Rfc8 25. c3 Qe7 26. d4 exd4 27. Qd3 Qe5 28. b4 Bb6 29. cxd4 Qxd4 30. Qxd4 Bxd4 31. Rfe1 Ra7 32. a3 Rd7 33. Bc3 Be3 34. Rcd1 Rcd8 35. Bf6 Rf8 36. e5 d5 37. e6 Rc7 38. e7 Re8 39. Be5 Rcc8 40. Bd6 Ra8 41. Bc5 Bxc5 42. bxc5 Ra7 43. Re6 Rexe7 44. Rxe7+ Rxe7 45. Kg1 Re3 46. Kf2 Rxa3 47. Re1 Re3 48. Rxe3 fxe3+ 49. Kxe3 a5 50. Kd3 b4 51. Kc2 a4 52. Kb2 a3+ 53. Kb3 d4 0-1

[Event "25th Klatovy B 2017"]
[Site "Klatovy CZE"]
[Date "2017.07.06"]
[Round "6.48"]
[White "Palla, Marek"]
[Black "Devera, Filip"]
[Result "1-0"]
[WhiteElo "1184"]
[BlackElo "1000"]
[PlyCount "119"]
[EventDate "2017.07.01"]
[EventType "swiss"]
[EventRounds "9"]
[EventCountry "CZE"]

1. e4 e6 2. d4 d5 3. exd5 exd5 4. Nc3 Nf6 5. Nf3 Nc6 6. Bg5 Be7 7. h3 O-O 8. Bd3 Nh5 9. Bxe7 Qxe7+ 10. Be2 Nf6 11. O-O Bf5 12. Re1 Qd7 13. Bb5 a6 14. Ne5 Qd6 15. Ba4 Ne4 16. Qf3 Nxd4 17. Qe3 Nxc3 18. Qxc3 Nb5 19. Bxb5 axb5 20. Qb3 c6 21. a3 Rfe8 22. Qc3 Re7 23. Nd3 Rae8 24. Rxe7 Rxe7 25. Re1 h6 26. Rxe7 Qxe7 27. Nf4 Qg5 28. Ne2 Be4 29. Ng3 Bg6 30. Kh2 Qc1 31. b4 Qxc2 32. Qxc2 Bxc2 33. Ne2 Kf8 34. Kg3 Ke7 35. Kf4 Kf6 36. h4 b6 37. Nd4 c5 38. Nxc2 d4 39. Ke4 Ke6 40. g4 g6 41. bxc5 bxc5 42. Ne1 f6 43. Nd3 Kd6 44. f4 c4 45. Nb2 Kc5 46. a4 b4 47. a5 c3 48. Nd3+ Kc4 49. a6 b3 50. a7 b2 51. a8=Q b1=Q 52. Qc8+ Kb3 53. Qb8+ Kc2 54. Qxb1+ Kxb1 55. Kxd4 c2 56. Kc3 g5 57. hxg5 f5 58. gxh6 fxg4 59. h7 g3 60. h8=Q 1-0

[Event "25th Klatovy B 2017"]
[Site "Klatovy CZE"]
[Date "2017.07.06"]
[Round "6.49"]
[White "Velkoborsky, Jan"]
[Black "Nandin Erdene, Davaademberel 2008"]
[Result "0-1"]
[WhiteElo "1058"]
[BlackElo "1501"]
[PlyCount "76"]
[EventDate "2017.07.01"]
[EventType "swiss"]
[EventRounds "9"]
[EventCountry "CZE"]

1. e4 c5 2. Nf3 Nc6 3. Nc3 d6 4. Bc4 Nf6 5. O-O e6 6. d3 Be7 7. Bg5 O-O 8. Bxf6 Bxf6 9. d4 cxd4 10. Na4 a6 11. Bd3 b5 12. e5 Bxe5 13. Nxe5 Nxe5 14. Be4 d5 15. Nc5 dxe4 16. Nxe4 Bb7 17. Qe2 Qd5 18. f3 Rac8 19. c3 dxc3 20. bxc3 f5 21. Ng5 h6 22. Rad1 Qc5+ 23. Qf2 Qxf2+ 24. Rxf2 hxg5 25. f4 gxf4 26. Rxf4 Rxc3 27. Re1 Nd3 28. Re3 Nxf4 29. Rxc3 Ne2+ 30. Kh1 Nxc3 31. a3 Rd8 32. h3 e5 33. Kh2 e4 34. g4 e3 35. gxf5 e2 36. f6 gxf6 37. a4 e1=Q 38. axb5 Rd2# 0-1

[Event "25th Klatovy B 2017"]
[Site "Klatovy CZE"]
[Date "2017.07.06"]
[Round "6.50"]
[White "Valdman, Jakub"]
[Black "Nagyova, Daniela"]
[Result "0-1"]
[WhiteElo "1070"]
[BlackElo "1164"]
[PlyCount "66"]
[EventDate "2017.07.01"]
[EventType "swiss"]
[EventRounds "9"]
[EventCountry "CZE"]

1. e4 e5 2. Nf3 Nc6 3. Bb5 a6 4. Bxc6 dxc6 5. Nc3 Nf6 6. h3 Bd6 7. d3 Be6 8. Bg5 Qe7 9. O-O h6 10. Bh4 g5 11. Bg3 Nh5 12. Bxe5 Bxe5 13. Nxe5 Nf4 14. Qf3 O-O-O 15. Rad1 f6 16. Ng4 h5 17. Ne3 Qh7 18. Qg3 Ng6 19. d4 Qf7 20. d5 cxd5 21. Nexd5 Nf4 22. Nxf4 gxf4 23. Qxf4 Rdg8 24. Qf3 Rg6 25. Rd3 Rhg8 26. g3 Bxh3 27. Re1 h4 28. Kh2 Bg4 29. Qf4 hxg3+ 30. Rxg3 Qh7+ 31. Kg2 Rh8 32. f3 Qh2+ 33. Kf1 Bh3+ 0-1

[Event "25th Klatovy B 2017"]
[Site "Klatovy CZE"]
[Date "2017.07.06"]
[Round "6.51"]
[White "Bukvaj, Jan"]
[Black "Velkoborsky, Tadeas"]
[Result "0-1"]
[WhiteElo "1100"]
[BlackElo "1100"]
[PlyCount "84"]
[EventDate "2017.07.01"]
[EventType "swiss"]
[EventRounds "9"]
[EventCountry "CZE"]

1. e4 e5 2. Nf3 Nc6 3. Bc4 Bc5 4. Nc3 Nf6 5. Nd5 Nxe4 6. O-O O-O 7. d3 Nf6 8. Nxf6+ Qxf6 9. Bg5 Qg6 10. c3 d6 11. d4 exd4 12. cxd4 Nxd4 13. h4 Nxf3+ 14. gxf3 Bh3 15. Re1 h6 16. f4 hxg5 17. fxg5 Rae8 18. Rxe8 Rxe8 19. Qf3 Qf5 20. Qxf5 Bxf5 21. Bb5 c6 22. Bc4 Re4 23. Bd3 Rf4 24. Bxf5 Rxf5 25. Rf1 Bd4 26. b3 Rf4 27. h5 Rg4+ 28. Kh1 Rxg5 29. Rg1 Rxh5+ 30. Kg2 Rg5+ 31. Kf1 Rxg1+ 32. Kxg1 c5 33. Kg2 b5 34. a3 c4 35. bxc4 bxc4 36. Kf3 c3 37. Ke2 c2 38. Kd2 Bxf2 39. Kxc2 g5 40. Kd2 g4 41. Ke2 g3 42. Kf1 d5 0-1

[Event "25th Klatovy B 2017"]
[Site "Klatovy CZE"]
[Date "2017.07.06"]
[Round "6.52"]
[White "Bukvaj, Martin"]
[Black "Pozar, Pavel"]
[Result "0-1"]
[WhiteElo "1100"]
[BlackElo "1000"]
[PlyCount "75"]
[EventDate "2017.07.01"]
[EventType "swiss"]
[EventRounds "9"]
[EventCountry "CZE"]

1. e4 Nf6 2. Nc3 g6 3. h4 Bg7 4. Nf3 O-O 5. Ng5 h6 6. Nh3 d6 7. d4 Bg4 8. f3 Bxh3 9. gxh3 d5 10. exd5 Nxd5 11. Nxd5 Qxd5 12. Qd3 Nc6 13. c3 e5 14. Be3 exd4 15. c4 Qd7 16. Bd2 Rfe8+ 17. Be2 Ne5 18. Qb3 Qc6 19. Rc1 Nd7 20. Qb5 Qe6 21. c5 c6 22. Qc4 Qe7 23. b4 b6 24. a3 Ne5 25. Qa6 b5 26. Kf1 d3 27. Bd1 Nc4 28. Rxc4 bxc4 29. Qxc4 Bf6 30. Qxd3 Red8 31. Qe2 Qd7 32. Ke1 Bxh4+ 33. Kf1 Re8 34. Qf2 Bxf2 35. Kxf2 Qxd2+ 36. Kg3 Re1 37. Rxe1 Qxe1+ 38. Kf4 0-1

[Event "25th Klatovy B 2017"]
[Site "Klatovy CZE"]
[Date "2017.07.06"]
[Round "6.53"]
[White "Kalista, Frantisek"]
[Black "Vilasek, Martin"]
[Result "1-0"]
[WhiteElo "1000"]
[BlackElo "1100"]
[PlyCount "97"]
[EventDate "2017.07.01"]
[EventType "swiss"]
[EventRounds "9"]
[EventCountry "CZE"]

1. d4 d5 2. e3 Nc6 3. c4 dxc4 4. Bxc4 Nf6 5. Nf3 Bg4 6. Be2 e6 7. O-O Bxf3 8. Bxf3 Be7 9. b3 O-O 10. Bb2 Nb4 11. a3 Nbd5 12. Nc3 Nxc3 13. Bxc3 Rb8 14. Re1 b6 15. e4 Re8 16. e5 Nd7 17. b4 Nf8 18. Ra2 Ng6 19. Rc2 Nf4 20. Bd2 Qxd4 21. Bxf4 Qxf4 22. g3 Qf5 23. Rxc7 Ra8 24. Rc2 Red8 25. Rd2 Rxd2 26. Qxd2 Qxf3 27. Qb2 Qg4 28. Qc3 Qh3 29. Qf3 Rf8 30. Qb7 Bd8 31. Qxa7 b5 32. Qb7 f6 33. Qxb5 Qf5 34. f4 Bc7 35. Qe2 Bb6+ 36. Kg2 Re8 37. a4 fxe5 38. a5 Bc7 39. a6 Ra8 40. b5 Qf8 41. fxe5 Qc5 42. h4 Bb6 43. Rf1 Rb8 44. Kh3 Bd8 45. Qf3 Be7 46. Qf7+ Kh8 47. Rb1 Bd8 48. Qe8+ Qf8 49. Qxf8# 1-0

[Event "25th Klatovy B 2017"]
[Site "Klatovy CZE"]
[Date "2017.07.06"]
[Round "6.54"]
[White "Langova, Hana"]
[Black "Skrivan, Matej 2008"]
[Result "1-0"]
[WhiteElo "1000"]
[BlackElo "1100"]
[PlyCount "57"]
[EventDate "2017.07.01"]
[EventType "swiss"]
[EventRounds "9"]
[EventCountry "CZE"]

1. d4 d5 2. c4 dxc4 3. Nc3 c5 4. Nf3 Nf6 5. Bg5 Bg4 6. e3 e6 7. Bxc4 cxd4 8. exd4 Bb4 9. O-O O-O 10. Qd3 g6 11. Ne4 Bf5 12. Bxf6 Bxe4 13. Qxe4 Qxf6 14. Ne5 Bd6 15. Ng4 Nc6 16. Nxf6+ Kh8 17. Qh4 Kg7 18. Rae1 Rae8 19. Re3 Nxd4 20. Nxe8+ Rxe8 21. Qxd4+ e5 22. Qxd6 Rc8 23. Qd5 a5 24. Rxe5 a4 25. Re7 a3 26. bxa3 h5 27. Qxf7+ Kh6 28. Bd3 Rc3 29. Qxg6# 1-0

[Event "25th Klatovy B 2017"]
[Site "Klatovy CZE"]
[Date "2017.07.07"]
[Round "7.1"]
[White "Masek, Jan"]
[Black "Cyron, Karel"]
[Result "1/2-1/2"]
[WhiteElo "1915"]
[BlackElo "1774"]
[PlyCount "36"]
[EventDate "2017.07.01"]
[EventType "swiss"]
[EventRounds "9"]
[EventCountry "CZE"]

1. e4 Nf6 2. e5 Nd5 3. d4 d6 4. f4 dxe5 5. fxe5 Bf5 6. c3 e6 7. Nf3 Be7 8. Be2 O-O 9. O-O c5 10. Na3 a6 11. Nc2 Nc6 12. a3 Rc8 13. dxc5 Bxc5+ 14. Ncd4 Bg6 15. Kh1 Qc7 16. Nxc6 Qxc6 17. Qe1 Qb6 18. c4 Ne3 1/2-1/2

[Event "25th Klatovy B 2017"]
[Site "Klatovy CZE"]
[Date "2017.07.07"]
[Round "7.2"]
[White "Soukal, Roman"]
[Black "Chmelik, Ladislav"]
[Result "1-0"]
[WhiteElo "1931"]
[BlackElo "1739"]
[PlyCount "75"]
[EventDate "2017.07.01"]
[EventType "swiss"]
[EventRounds "9"]
[EventCountry "CZE"]

1. e4 c5 2. Nc3 Nc6 3. f4 e6 4. g3 d5 5. d3 dxe4 6. Nxe4 Nf6 7. Bg2 Nxe4 8. Bxe4 Qc7 9. b3 Nd4 10. c3 Nf5 11. Bb2 Bd7 12. Qe2 Bc6 13. Nf3 Nd6 14. O-O-O Nxe4 15. dxe4 Bd6 16. c4 O-O 17. Ne5 Rfd8 18. Ng4 Bxf4+ 19. gxf4 Qxf4+ 20. Ne3 Bxe4 21. Rhg1 Rxd1+ 22. Rxd1 f6 23. Bc3 Kf8 24. Kb2 Ke7 25. Rg1 g5 26. Rf1 Qd6 27. Bxf6+ Ke8 28. Qh5+ Bg6 29. Qe2 Bd3 30. Qd2 e5 31. Rf2 Qd4+ 32. Ka3 Rc8 33. Nd5 Rc6 34. Nc3 Ra6+ 35. Kb2 Rd6 36. Bxg5 e4 37. Qf4 Rg6 38. Qf7# 1-0

[Event "25th Klatovy B 2017"]
[Site "Klatovy CZE"]
[Date "2017.07.07"]
[Round "7.3"]
[White "Micka, Norbert"]
[Black "Simacek, Vaclav"]
[Result "1/2-1/2"]
[WhiteElo "1823"]
[BlackElo "1830"]
[PlyCount "71"]
[EventDate "2017.07.01"]
[EventType "swiss"]
[EventRounds "9"]
[EventCountry "CZE"]

1. Nf3 Nf6 2. c4 e6 3. g3 Nc6 4. d4 d5 5. Bg2 Bb4+ 6. Bd2 O-O 7. Bxb4 Nxb4 8. a3 Na6 9. Nbd2 c5 10. dxc5 Nxc5 11. cxd5 Nxd5 12. Rc1 Qb6 13. b4 Nd7 14. Nc4 Qd8 15. O-O Rb8 16. Qc2 b5 17. Na5 Bb7 18. Nd4 Qf6 19. Nxb7 Qxd4 20. Rfd1 Qb6 21. Nc5 Rfd8 22. Nxd7 Rxd7 23. Bxd5 exd5 24. Qc6 Qd8 25. Qc3 d4 26. Qc5 g6 27. h4 Kg7 28. Qe5+ f6 29. Qf4 Rb6 30. Qf3 Rbd6 31. Rc6 Rd5 32. Qd3 Qe7 33. Rdc1 Re5 34. R1c2 Re4 35. R6c5 a6 36. Rc6 1/2-1/2

[Event "25th Klatovy B 2017"]
[Site "Klatovy CZE"]
[Date "2017.07.07"]
[Round "7.4"]
[White "Leseticky, Vladimir"]
[Black "Zednik, Zdenek"]
[Result "1/2-1/2"]
[WhiteElo "1685"]
[BlackElo "1950"]
[PlyCount "69"]
[EventDate "2017.07.01"]
[EventType "swiss"]
[EventRounds "9"]
[EventCountry "CZE"]

1. Nf3 Nf6 2. b3 g6 3. Bb2 Bg7 4. e3 c5 5. Na3 Nc6 6. d4 cxd4 7. exd4 d5 8. Be2 O-O 9. O-O Ne4 10. c4 e6 11. Nc2 Qa5 12. Qe1 Qc7 13. Ne3 Rd8 14. cxd5 exd5 15. Rc1 Qe7 16. Bd3 Ng5 17. Nxg5 Qxg5 18. f4 Qe7 19. Nc2 Qxe1 20. Rcxe1 f5 21. Re2 Bd7 22. Rfe1 Re8 23. Rxe8+ Rxe8 24. Rxe8+ Bxe8 25. Kf2 Bf8 26. Bc3 Kf7 27. Kf3 a6 28. h3 h5 29. g4 fxg4+ 30. hxg4 hxg4+ 31. Kxg4 Kf6 32. Ne3 Bd7+ 33. Kf3 Be6 34. Ng4+ Bxg4+ 35. Kxg4 1/2-1/2

[Event "25th Klatovy B 2017"]
[Site "Klatovy CZE"]
[Date "2017.07.07"]
[Round "7.5"]
[White "Mejzr, Jan"]
[Black "Lener, Jaroslav 1975"]
[Result "1-0"]
[WhiteElo "1901"]
[BlackElo "1750"]
[PlyCount "65"]
[EventDate "2017.07.01"]
[EventType "swiss"]
[EventRounds "9"]
[EventCountry "CZE"]

1. e4 c5 2. Nc3 Nc6 3. g3 e5 4. Bg2 Nf6 5. d3 d6 6. Nd5 Nxd5 7. exd5 Ne7 8. Ne2 Ng6 9. h4 h5 10. c4 Bf5 11. Nc3 Qd7 12. Be3 Be7 13. Rb1 Bd8 14. a3 a5 15. a4 b6 16. b3 Be7 17. Qe2 O-O-O 18. Kd2 Kb7 19. Rbf1 Rdf8 20. Bf3 Bf6 21. Ne4 Bg4 22. Bxg4 hxg4 23. f3 gxf3 24. Rxf3 Bd8 25. Rhf1 f5 26. Rxf5 Rxf5 27. Rxf5 Bf6 28. Rf2 Kc7 29. Nxf6 gxf6 30. h5 Ne7 31. Rxf6 Qd8 32. g4 Ng8 33. Re6 1-0

[Event "25th Klatovy B 2017"]
[Site "Klatovy CZE"]
[Date "2017.07.07"]
[Round "7.6"]
[White "Nechutny, Michal"]
[Black "Jirasek, Jiri"]
[Result "0-1"]
[WhiteElo "1766"]
[BlackElo "1874"]
[PlyCount "128"]
[EventDate "2017.07.01"]
[EventType "swiss"]
[EventRounds "9"]
[EventCountry "CZE"]

1. e4 e5 2. Nf3 Nf6 3. Nxe5 d6 4. Nf3 Nxe4 5. Qe2 Qe7 6. d3 Nf6 7. Bg5 Nc6 8. Nc3 Qxe2+ 9. Bxe2 Be7 10. O-O Bd7 11. Rfe1 O-O 12. h3 h6 13. Be3 a6 14. a3 Rae8 15. Rad1 Bd8 16. d4 Ne7 17. Bc1 Bc6 18. Nh2 d5 19. Bd3 Ng6 20. Be3 Nh5 21. g3 Nf6 22. Kg2 b5 23. Bd2 Be7 24. f3 Bd6 25. Rxe8 Rxe8 26. Re1 Rb8 27. Na2 Bd7 28. Bb4 Bxb4 29. Nxb4 Rb6 30. c3 a5 31. Nc2 Nf8 32. Ng4 Nxg4 33. hxg4 g6 34. Ne3 c6 35. Nc2 Kg7 36. Kf2 Kf6 37. Rh1 Kg7 38. Re1 Be6 39. Kg2 Nd7 40. b4 a4 41. Kf2 Rb8 42. Kg2 Nf6 43. Ne3 Re8 44. Nf1 h5 45. Nh2 hxg4 46. fxg4 Ne4 47. Bxe4 dxe4 48. Re3 Kh6 49. Kf2 Bd5 50. Kg2 Re6 51. Nf1 Kg5 52. Nh2 f5 53. gxf5 gxf5 54. Kf2 Rh6 55. Kg1 f4 56. gxf4+ Kxf4 57. Nf1 Bc4 58. Re1 Rh3 59. Nd2 Bd3 60. Kg2 Rg3+ 61. Kh1 e3 62. Nf1 Rf3 63. Nh2 Rf2 64. Kg1 Be4 0-1

[Event "25th Klatovy B 2017"]
[Site "Klatovy CZE"]
[Date "2017.07.07"]
[Round "7.7"]
[White "Sibl, Vaclav"]
[Black "Soukup, Jiri1"]
[Result "1/2-1/2"]
[WhiteElo "1961"]
[BlackElo "1640"]
[PlyCount "76"]
[EventDate "2017.07.01"]
[EventType "swiss"]
[EventRounds "9"]
[EventCountry "CZE"]

1. d4 d5 2. Nf3 Nf6 3. Bf4 Bf5 4. e3 e6 5. Nbd2 Bd6 6. Ne5 Nbd7 7. h3 Qe7 8. Be2 O-O 9. O-O c5 10. g4 Bg6 11. Nxg6 fxg6 12. Bxd6 Qxd6 13. f4 Qb6 14. Nf3 Ne4 15. Rb1 Rac8 16. Kg2 c4 17. c3 Qa5 18. Qc2 Ndf6 19. a3 a6 20. Ne5 Nd6 21. h4 Nfe4 22. Rh1 Qc7 23. Bf3 Rce8 24. Rh3 Nf6 25. Qe2 Nd7 26. Nxd7 Qxd7 27. h5 g5 28. fxg5 Qe7 29. g6 h6 30. e4 Qg5 31. e5 Nf5 32. Kh1 Nh4 33. Bg2 Rf4 34. Rf1 Qxg4 35. Qxg4 Rxg4 36. Rh2 Nxg2 37. Rxg2 Rxg2 38. Kxg2 Rf8 1/2-1/2

[Event "25th Klatovy B 2017"]
[Site "Klatovy CZE"]
[Date "2017.07.07"]
[Round "7.8"]
[White "Perik, Alois"]
[Black "Svec, Ludek"]
[Result "1/2-1/2"]
[WhiteElo "1870"]
[BlackElo "1723"]
[PlyCount "76"]
[EventDate "2017.07.01"]
[EventType "swiss"]
[EventRounds "9"]
[EventCountry "CZE"]

1. c4 e6 2. Nc3 d5 3. d4 Nf6 4. Nf3 Nbd7 5. e3 Bb4 6. Qc2 O-O 7. Bd3 c5 8. O-O b6 9. Bd2 Bb7 10. cxd5 exd5 11. a3 Bxc3 12. Bxc3 Ne4 13. Nd2 Qh4 14. Nxe4 dxe4 15. Bb5 Rad8 16. Bxd7 Rxd7 17. dxc5 Rd5 18. c6 Rh5 19. Be5 Bxc6 20. Qxc6 Rxe5 21. Rad1 Rc5 22. Qa4 Rh5 23. h3 Ra5 24. Qd7 f5 25. Rd5 Rxd5 26. Qxd5+ Kh8 27. Rd1 Qf6 28. Rd4 h6 29. g3 Rc8 30. b4 Re8 31. a4 Rc8 32. b5 Kh7 33. g4 Rc5 34. Qd7 fxg4 35. hxg4 Rc1+ 36. Rd1 Rxd1+ 37. Qxd1 Qg5 38. Kh2 Qf6 1/2-1/2

[Event "25th Klatovy B 2017"]
[Site "Klatovy CZE"]
[Date "2017.07.07"]
[Round "7.9"]
[White "Hartmann, Andreas 1969"]
[Black "Vachal, Josef1"]
[Result "1-0"]
[WhiteElo "1685"]
[BlackElo "1872"]
[PlyCount "81"]
[EventDate "2017.07.01"]
[EventType "swiss"]
[EventRounds "9"]
[EventCountry "CZE"]

1. c4 Nf6 2. Nc3 e6 3. e4 d5 4. cxd5 exd5 5. e5 d4 6. exf6 dxc3 7. Qe2+ Be6 8. Qb5+ Nd7 9. dxc3 Qxf6 10. Nf3 h6 11. Be3 Bd6 12. Bd3 O-O 13. O-O a6 14. Qxb7 Qe7 15. Qe4 f5 16. Qh4 Qxh4 17. Nxh4 f4 18. Bd2 Ne5 19. Be4 Rab8 20. b3 Rf6 21. Nf3 Nf7 22. c4 Ng5 23. Nxg5 hxg5 24. Bc3 Rh6 25. Rfd1 g4 26. Bd5 Re8 27. Re1 Kf7 28. Rxe6 Rhxe6 29. Re1 g6 30. f3 gxf3 31. gxf3 c6 32. Bxe6+ Rxe6 33. Rxe6 Kxe6 34. Kf2 Bc5+ 35. Ke2 Kf5 36. Ba5 Bg1 37. h3 Bd4 38. Kd3 Bf6 39. Bc7 Bb2 40. h4 Bf6 41. a4 1-0

[Event "25th Klatovy B 2017"]
[Site "Klatovy CZE"]
[Date "2017.07.07"]
[Round "7.10"]
[White "Flajsman, Pavel"]
[Black "Hosnedl, Matyas"]
[Result "1-0"]
[WhiteElo "1736"]
[BlackElo "1739"]
[PlyCount "49"]
[EventDate "2017.07.01"]
[EventType "swiss"]
[EventRounds "9"]
[EventCountry "CZE"]

1. e4 e5 2. f4 Bc5 3. Nf3 d6 4. c3 Nf6 5. d4 Bb6 6. dxe5 Nxe4 7. Qa4+ Bd7 8. Qxe4 Bc6 9. Qd3 O-O 10. Be2 Re8 11. Be3 Bxe3 12. Qxe3 dxe5 13. fxe5 Nd7 14. O-O Bxf3 15. Bxf3 Rxe5 16. Qf2 c6 17. Nd2 Nf6 18. Nb3 Qc7 19. Rfe1 Rf5 20. Qe2 Qb6+ 21. Qe3 Qc7 22. Nd4 Ra5 23. Re2 Rd8 24. Rae1 Kf8 25. Qe7+ 1-0

[Event "25th Klatovy B 2017"]
[Site "Klatovy CZE"]
[Date "2017.07.07"]
[Round "7.11"]
[White "Davaademberel, Purevdorj 1981"]
[Black "Vavrinek, Tomas"]
[Result "0-1"]
[WhiteElo "1835"]
[BlackElo "1750"]
[PlyCount "98"]
[EventDate "2017.07.01"]
[EventType "swiss"]
[EventRounds "9"]
[EventCountry "CZE"]

1. e4 c5 2. Nf3 Nc6 3. d4 cxd4 4. Nxd4 Nf6 5. Nc3 e5 6. Ndb5 Bb4 7. Nd6+ Ke7 8. Nf5+ Kf8 9. a3 Bxc3+ 10. bxc3 d5 11. exd5 Bxf5 12. dxc6 Qxd1+ 13. Kxd1 bxc6 14. Be3 Ne4 15. c4 Ke7 16. f3 Rhd8+ 17. Ke1 Nc3 18. g4 Bxc2 19. Rc1 Rd1+ 20. Rxd1 Bxd1 21. Bg2 Bb3 22. f4 exf4 23. Bd4 Na4 24. Bxc6 Rc8 25. Bb5 Rd8 26. Bxa4 Bxa4 27. Bc5+ Kf6 28. Rg1 a6 29. Ke2 Bc6 30. Rb1 Re8+ 31. Kd2 Re6 32. h4 h6 33. Kc3 f3 34. g5+ hxg5 35. Bd4+ Kg6 36. hxg5 Kxg5 37. Rg1+ Kf4 38. Rxg7 f5 39. Bf2 Re2 40. Bg3+ Ke3 41. Re7+ Be4 42. Be5 f2 43. Bd4+ Kf3 44. Bxf2 Kxf2 45. Re6 Ke3 46. Rxa6 f4 47. Re6 f3 48. Rf6 f2 49. c5 Re1 0-1

[Event "25th Klatovy B 2017"]
[Site "Klatovy CZE"]
[Date "2017.07.07"]
[Round "7.12"]
[White "Merinsky, Vaclav"]
[Black "Esterka, Jan"]
[Result "0-1"]
[WhiteElo "1439"]
[BlackElo "1827"]
[PlyCount "66"]
[EventDate "2017.07.01"]
[EventType "swiss"]
[EventRounds "9"]
[EventCountry "CZE"]

1. e4 c5 2. Nf3 d6 3. d4 cxd4 4. Nxd4 Nf6 5. Nc3 g6 6. f3 Bg7 7. Be3 O-O 8. Qd2 Nc6 9. Nxc6 bxc6 10. Be2 e6 11. Bh6 d5 12. Bxg7 Kxg7 13. e5 Nd7 14. O-O-O Nxe5 15. f4 Nd7 16. g4 Bb7 17. h4 c5 18. Rh3 d4 19. Nb1 e5 20. f5 e4 21. Qf4 Qb8 22. Qf1 Qe5 23. Na3 Nb6 24. b3 Bd5 25. Kb1 a5 26. Nb5 a4 27. Qg1 axb3 28. cxb3 d3 29. Bxd3 exd3 30. Qxc5 Nd7 31. Re3 Qh2 32. Rexd3 Qxa2+ 33. Kc1 Nxc5 0-1

[Event "25th Klatovy B 2017"]
[Site "Klatovy CZE"]
[Date "2017.07.07"]
[Round "7.13"]
[White "Boucek, Vlastimil 1968"]
[Black "Ostry, Michal"]
[Result "1/2-1/2"]
[WhiteElo "1677"]
[BlackElo "1743"]
[PlyCount "135"]
[EventDate "2017.07.01"]
[EventType "swiss"]
[EventRounds "9"]
[EventCountry "CZE"]

1. e4 c5 2. Nf3 d6 3. d4 cxd4 4. Nxd4 Nf6 5. Nc3 g6 6. Be2 Bg7 7. Be3 Nc6 8. O-O O-O 9. Nb3 Be6 10. f4 Qc8 11. h3 h5 12. Kh2 Rd8 13. Nd4 Nxd4 14. Bxd4 d5 15. e5 Ne4 16. Nxe4 dxe4 17. c3 f5 18. Qe1 Kf7 19. Qf2 Qc6 20. b3 b5 21. b4 Bc4 22. a3 Bxe2 23. Qxe2 e6 24. g3 Bf8 25. Rab1 Rdc8 26. Qe3 a6 27. Rf2 Be7 28. h4 Bd8 29. Rd2 Rab8 30. Rc1 Bb6 31. Bxb6 Qxb6 32. Qxb6 Rxb6 33. Rcd1 Rc7 34. Rd7+ Rxd7 35. Rxd7+ Kf8 36. Rc7 Kg8 37. Kg2 Kf8 38. Kf2 Kg8 39. c4 bxc4 40. Rxc4 Kf7 41. Ke3 Rb7 42. Rc6 a5 43. Rc4 axb4 44. axb4 Ke7 45. Kd4 Kd7 46. Kc5 Rc7+ 47. Kd4 Rxc4+ 48. Kxc4 Kc6 49. Kd4 Kb6 50. Kc4 Ka7 51. Kd4 Ka6 52. Kc4 Ka7 53. Kd4 Ka8 54. Kc4 Kb8 55. Kd4 Kc8 56. Kc4 Kd7 57. Kd4 Kc6 58. Kc4 Kb6 59. Kd4 Kb5 60. Kc3 e3 61. Kd3 Kxb4 62. Kxe3 Kc4 63. Kd2 Kd4 64. Ke2 Ke4 65. Kf2 Kd4 66. Ke2 Ke4 67. Kf2 Kd4 68. Ke2 1/2-1/2

[Event "25th Klatovy B 2017"]
[Site "Klatovy CZE"]
[Date "2017.07.07"]
[Round "7.14"]
[White "Parpel, Petr"]
[Black "Pravda, Krystof"]
[Result "1-0"]
[WhiteElo "1758"]
[BlackElo "1636"]
[PlyCount "51"]
[EventDate "2017.07.01"]
[EventType "swiss"]
[EventRounds "9"]
[EventCountry "CZE"]

1. d4 d5 2. Nf3 Nf6 3. c4 e6 4. Nc3 Be7 5. e3 O-O 6. Qc2 c5 7. cxd5 exd5 8. Be2 b6 9. b3 Nc6 10. Bb2 Nb4 11. Qd1 Bf5 12. O-O Ng4 13. a3 Nc2 14. Rc1 Ncxe3 15. fxe3 Nxe3 16. Qd2 Nxf1 17. Rxf1 Be4 18. Nxe4 dxe4 19. Ne5 Bd6 20. Qe3 cxd4 21. Bxd4 Qc7 22. Nxf7 Bxh2+ 23. Kh1 Rxf7 24. Bc4 Raf8 25. Qg5 Kh8 26. Qxg7+ 1-0

[Event "25th Klatovy B 2017"]
[Site "Klatovy CZE"]
[Date "2017.07.07"]
[Round "7.15"]
[White "Bainhofner, Jiri"]
[Black "Kovar, Petr2"]
[Result "1/2-1/2"]
[WhiteElo "1755"]
[BlackElo "1990"]
[PlyCount "38"]
[EventDate "2017.07.01"]
[EventType "swiss"]
[EventRounds "9"]
[EventCountry "CZE"]

1. e4 c5 2. Nc3 Nc6 3. f4 g6 4. Nf3 Bg7 5. Bb5 Nd4 6. Ba4 e6 7. d3 a6 8. O-O Ne7 9. Nxd4 Bxd4+ 10. Kh1 O-O 11. Ne2 Bg7 12. c4 d5 13. e5 Rb8 14. Bc2 d4 15. a4 a5 16. Ng3 b6 17. Qe1 Bb7 18. Bd1 Nf5 19. Nxf5 gxf5 1/2-1/2

[Event "25th Klatovy B 2017"]
[Site "Klatovy CZE"]
[Date "2017.07.07"]
[Round "7.16"]
[White "Maly, Jiri"]
[Black "Kaspar, Lukas"]
[Result "0-1"]
[WhiteElo "1646"]
[BlackElo "1764"]
[PlyCount "72"]
[EventDate "2017.07.01"]
[EventType "swiss"]
[EventRounds "9"]
[EventCountry "CZE"]

1. e4 c5 2. Nf3 Nc6 3. d4 cxd4 4. Nxd4 Nf6 5. Nc3 g6 6. Be3 Bg7 7. Be2 O-O 8. O-O d5 9. exd5 Nxd5 10. Nxd5 Qxd5 11. c4 Qa5 12. Bf3 Ne5 13. Be2 Rd8 14. Qc2 Ng4 15. Bd2 Qe5 16. Bxg4 Qxd4 17. Be3 Qxg4 18. h3 Qf5 19. Qb3 b6 20. Qb4 Qf6 21. b3 Bb7 22. Rac1 Qc6 23. f3 e6 24. c5 a5 25. Qxb6 Qxb6 26. cxb6 Rac8 27. Rc4 Bd5 28. Rc7 Be5 29. Ra7 Rc3 30. Bf2 Ra8 31. Rb1 Rxa7 32. bxa7 Bd6 33. Bb6 Bc5+ 34. Bxc5 Rxc5 35. b4 axb4 36. Rxb4 Ra5 0-1

[Event "25th Klatovy B 2017"]
[Site "Klatovy CZE"]
[Date "2017.07.07"]
[Round "7.17"]
[White "Kubat, Zbynek"]
[Black "Berka, Lubos"]
[Result "0-1"]
[WhiteElo "1682"]
[BlackElo "1822"]
[PlyCount "106"]
[EventDate "2017.07.01"]
[EventType "swiss"]
[EventRounds "9"]
[EventCountry "CZE"]

1. e4 c6 2. d4 d5 3. e5 Bf5 4. Bd3 Bxd3 5. Qxd3 e6 6. c3 Ne7 7. Bg5 Qc7 8. b4 h6 9. Bd2 Nd7 10. Nf3 Nb6 11. O-O Nc4 12. Bc1 Ng6 13. Nbd2 Nxd2 14. Nxd2 Be7 15. f4 Nh4 16. Nf3 Nxf3+ 17. Qxf3 O-O-O 18. Qe2 Rdf8 19. a4 Qd7 20. Be3 g5 21. c4 gxf4 22. Rxf4 Bg5 23. Rf3 Bxe3+ 24. Rxe3 f5 25. Rc1 Rhg8 26. cxd5 Qxd5 27. b5 f4 28. Rf3 Qxd4+ 29. Qf2 Qxf2+ 30. Kxf2 Kc7 31. bxc6 b6 32. Rd3 Rd8 33. Rcd1 Rxd3 34. Rxd3 Rd8 35. Rxd8 Kxd8 36. Kf3 a6 37. Kxf4 b5 38. axb5 axb5 39. Ke4 Kc7 40. g4 Kxc6 41. Kd4 b4 42. h4 b3 43. Kc3 Kd5 44. g5 hxg5 45. hxg5 Kxe5 46. Kxb3 Kf5 47. Kc3 Kxg5 48. Kd4 Kf4 49. Kd3 e5 50. Ke2 Ke4 51. Kf2 Kd3 52. Ke1 Ke3 53. Kf1 Kd2 0-1